An introduction to accounting /

Shranjeno v:
Bibliografske podrobnosti
Glavni avtor: Martin, Carrick A. (Carrick Allen)
Drugi avtorji: Harrison, Graeme L.
Format: Knjiga
Jezik:English
Izdano: Sydney : McGraw-Hill, 1987.
Izdaja:2nd ed.
Teme:
LEADER 01225nam a2200349 a 4500
001 c000187523
003 CARM
005 20040803154726.0
008 870804s1987 xnaa 001 0 eng d
019 1 |a 27555548  |z 5432406  |z 21770017  |5 LACONCORD2021 
020 |a 0074525492  |c $41.95 Aust. 
020 |a 0074525492 
020 |a 0074525492  |c price unknown 
035 |a (OCoLC)27489074  |5 LACONCORD2021 
040 |a ANB  |b eng  |c ANB  |d NMQU 
042 |a anuc 
050 1 4 |a HF5630  |b .M3 1987 
082 0 4 |a 657  |2 20 
082 0 4 |a 657 
100 1 |a Martin, Carrick A.  |q (Carrick Allen) 
245 1 3 |a An introduction to accounting /  |c Carrick Martin ; contributors: Graeme Harrison ... [et al.]. 
250 |a 2nd ed. 
260 |a Sydney :  |b McGraw-Hill,  |c 1987. 
300 |a xi, 705 p. :  |b ill. ;  |c 25 cm. 
500 |a Previous ed.: Sydney : McGraw-Hill, 1983. 
500 |a Includes index. 
500 |a For tertiary students. 
650 0 |a Accounting. 
700 1 |a Harrison, Graeme L. 
852 8 |b CARM  |h A2:AO20G0  |i C06963  |p 0251602  |f BK 
999 f f |i b3d18079-3032-5815-9180-bc156e10c5a1  |s 75d994a2-fd00-5856-bdc6-729d34ef2966 
952 f f |p Can circulate  |a CAVAL  |b CAVAL  |c CAVAL  |d CARM 1 Store  |e C06963  |f A2:AO20G0  |h Other scheme  |i book  |m 0251602